1883 1192 1612 1383 1230 1235 1830 1495 1168 1057 1824 1300 1673 1176 1894 1492 1302 1974 1774 1774 1489 1564 1158 1063 1758 1871 1346 1875 1441 1615 1341 1110 1790 1557 1441 1567 1340 1249 1190 1826 1434 1529 1868 1799 1455 1643 1519 1438 1838 1873 1326 1208 1571 1164 1770 1709 1687 1984 1642 1864 1195 1893 1260 1023 1326 1375 1336 1319 1040 1669 1474 1013 1617 1716 1779 1355 1085 1688 1578 1442 1608 1557 1400 1852 1359 1250 1899 1993 1261 1774 1287 1013 1376 1718 1413 1859 1979 1964 1291 BCNSPRNW ULIB Ver.6.0+V

เปลี่ยนเป็นภาษาไทย

Change to English
 แสดงรายละเอียดบรรณานุกรม
  กลับหน้าหลัก

Brief Record : Get Marc (ISO 2709) : E-mail record : QR code < ปิดหน้าต่าง
LEADER : 00000nam 2200000uu 4500
001    13399112900
003     ULIB
008    110916s2550||||th 000 0 tha d
020    9789747503074
090    นว.^bย231ห 2550
100 0  yayoi
245 00 หนึ่งจันทร์กลางใจ/^cyayoi
250    พิมพ์ครั้งที่ 3
260    กรุงเทพฯ :^bแจ่มใส,^c2550
300    477 หน้า
945    ^p279^l0^i14058
995    กัณชพร
999    ^aใช้งานได้ทุกระบบ
รายการนี้ยังไม่มีแท็ก
คุณยังไม่ได้ล็อกอิน คุณสามารถมีกิจกรรมร่วมกับเว็บไซต์ได้ แต่ต้องล็อกอินก่อน ::
  ล็อกอิน

รายการสื่อสารสนเทศ

ลำดับที่ ประเภท เลขเรียก/บาร์โค้ด สถานที่ สถานะ
1. วิทยาศาสตร์การแพทย์ และสุขภาพ
วิทยาศาสตร์การแพทย์ และสุขภาพ
นว. ย231ห 2550  
  Barcode: 14058
ห้องสมุดวิทยาเขตสวรรค์ประชารักษ์
►นวนิยาย
บนชั้น
  ขอยืม

รายการใกล้เคียง
    ผู้แต่ง [yayoi]

BibComment


ยังไม่เคยถูกคอมเมนท์

คอมเมนท์ทรัพยากรรายการนี้
  คอมเมนท์: หนึ่งจันทร์กลางใจ..


 Copyright 2026. Bcnsprnw @Library